000 00296nam a2200121 a 4500
008 100924s1976|||| d
245 1 0 _aSpomienky matky
100 1 _aFornalska, Marcjanna
260 _bSlovenský spisovateľ
_aBratislava
_c1976
020 _c35
044 _axo
_cSK
041 _aslo
999 _c10684
_d10684